| 000 | 00430nam a22001697a 4500 | ||
|---|---|---|---|
| 020 | _a9780137698295 | ||
| 082 | _a004 LON | ||
| 100 | _aLong, Larry | ||
| 245 | _aComputers | ||
| 250 | _a5th ed. | ||
| 260 |
_aNew York _bPrentice Hall-International, Inc. _c1998 |
||
| 300 | _axxix, Various pages | ||
| 500 | _aIncludes bibliographical references and index. | ||
| 650 | _aComputer Science | ||
| 700 | _aLong, Nancy | ||
| 942 | _cBK | ||
| 999 |
_c13524 _d13524 |
||